LEADER 00778nam0-22002771i-450- 001 990001321400403321 035 $a000132140 035 $aFED01000132140 035 $a(Aleph)000132140FED01 035 $a000132140 100 $a20000920d1990----km-y0itay50------ba 101 0 $aeng 200 1 $aLeibniz's Philosophy of Logic and Language$fHide Ishiguro . 205 $aSecond edition - 210 $aCambridge$cCambridge University Press$d1990. 215 $aX, 246 p.$d22 cm 676 $a160.92 700 1$aIshiguro,$bHide$059880 801 0$aIT$bUNINA$gRICA$2UNIMARC 901 $aBK 912 $a990001321400403321 952 $a121-N-35$b9069$fMA1 959 $aMA1 996 $aLeibniz's Philosophy of Logic and Language$9382998 997 $aUNINA DB $aING01 LEADER 01367nam a22003615i 4500 001 991001864399707536 007 cr nn 008mamaa 008 121219s2012 de s 001 0deng d 020 $a9783642259838 035 $ab14082962-39ule_inst 040 $aBibl. Dip.le Aggr. Matematica e Fisica - Sez. Matematica$beng 082 04$a515.2433 084 $aAMS 41A30 084 $aAMS 65N30 084 $aAMS 65R20 100 1 $aAtkinson, Kendall E.$054021 245 10$aSpherical harmonics and approximations on the unit sphere : an introduction$h[e-book] /$cby Kendall Atkinson, Weimin Han 260 $aBerlin :$bSpringer,$c2012 300 $bdigital 440 0$aLecture Notes in Mathematics,$x0075-8434 ;$v2044 650 0$aSpherical harmonics 650 0$aIntegral equations 650 0$aFunctions, special 650 0$aNumerical analysis 650 0$aPhysics 700 1 $aHan, Weimin$eauthor$4http://id.loc.gov/vocabulary/relators/aut$0287589 773 0 $aSpringer eBooks 856 40$uhttp://dx.doi.org/10.1007/978-3-642-25983-8$zAn electronic book accessible through the World Wide Web 907 $a.b14082962$b03-03-22$c25-10-12 912 $a991001864399707536 996 $aSpherical harmonics and approximations on the unit sphere: an introduction$91907526 997 $aUNISALENTO 998 $ale013$b19-12-12$cm$d@ $e-$feng$gde $h0$i0